| 000 | 00534nam a2200169Ia 4500 | ||
|---|---|---|---|
| 005 | 20250508154914.0 | ||
| 008 | 008 250505s9999 xx 000 0 eng d | ||
| 037 | _aBooks to be hide in OPAC | ||
| 040 |
_aFEDL _beng _cFEDL |
||
| 041 |
_aeng _2eng |
||
| 084 |
_a370.58, UNE _qFEDL |
||
| 245 | 0 | _aStatistical annuaire yearbook statistique | |
| 260 |
_aParis, France _bUnited Nations Educational, Scientific and Cultural Organization _c1966 |
||
| 300 | _a505p. | ||
| 942 |
_cHB _h370.58, UNE |
||
| 999 |
_c1352738 _d1352738 |
||